Financial Management/ (Record no. 178596)

MARC details
000 -LEADER
fixed length control field 00645nam a22001937a 4500
005 - DATE AND TIME OF LATEST TRANSACTION
control field 20210407150843.0
010 ## - LCCN (DPL NO)
LC control number ENG-129384
020 ## - INTERNATIONAL STANDARD BOOK NUMBER
Terms of availability 849.00
International Standard Book Number 978-93-905-7725-5
035 ## - SYSTEM CONTROL NUMBER
System control number EN-112916
037 ## - SOURCE OF ACQUISITION
Source of stock number/acquisition DBAD/PUB
082 ## - DEWEY DECIMAL CLASSIFICATION NUMBER
Classification number 658.15
100 ## - MAIN ENTRY--PERSONAL NAME
Personal name Pandey, I. M.
245 ## - TITLE STATEMENT
Title Financial Management/
Remainder of title I. M. Pandey
250 ## - EDITION STATEMENT
Edition statement 12th
260 ## - PUBLICATION, DISTRIBUTION, ETC. (IMPRINT)
Place of publication, distribution, etc Noida
Name of publisher, distributor, etc Pearson
Date of publication, distribution, etc 2021
270 ## - ADDRESS
Address 15th floor,Tower-B,Word Trade Tower,Plot no.1,Block-C sec 16,
City Noida
Postal code 201301
Telephone number 04466540100
Electronic mail address companysecretary.india@pearson.com
300 ## - PHYSICAL DESCRIPTION
Extent xxix+1030p.
Dimensions 25cm(pbk)
Other physical details including graphs, tables and index.
942 ## - ADDED ENTRY ELEMENTS (KOHA)
Source of classification or shelving scheme Dewey Decimal Classification
Item type English Books
Classification part 658.15
Call number suffix PAN
Holdings
Withdrawn status Lost status Not for loan Collection code Home library Current library Date acquired Source of acquisition Cost, normal purchase price Full call number Barcode Copy number Cost, replacement price Koha item type
      Non-fiction Bawana Bawana 07/04/2021 DBAD/PUB 849.00 658.15 PAN EN-112916 1 849.00 English Books

© Delhi Public Library
Hit Counter
free hit counter